Riadenie a rozvoj vybraných marketingových aktivít v podnikateľskom subjekte : Bakalárska práca

Na minha lista:
Detalhes bibliográficos
Autor principal: Hančinová, Zuzana (Author)
Outros Autores: Rybanský, Rudolf, 1947- (xxx)
Formato: Manuscrito Livro
Idioma:eslovaco
Publicado em: Trnava : STU v Bratislave MtF KPIM, 2006
Assuntos:
Tags: Adicionar Tag
Sem tags, seja o primeiro a adicionar uma tag!

MARC

LEADER 00000ntm a22000003a 4500
001 stu128939
005 20160719155527.1
008 061030s2006----xo------------------slo-d
040 |a STU  |b slo 
041 0 |a slo 
044 |a xo 
100 1 |a Hančinová, Zuzana  |4 aut 
245 1 |a Riadenie a rozvoj vybraných marketingových aktivít v podnikateľskom subjekte :  |b Bakalárska práca 
260 |a Trnava :  |b STU v Bratislave MtF KPIM,  |c 2006 
300 |a 55 s  |c príl (1 CD-ROM) 
650 7 |a priemyselné inžinierstvo a manažment  |2 stusub 
650 7 |a marketing  |2 estusub 
700 1 |a Rybanský, Rudolf,  |d 1947-  |4 xxx  |u M4000  |U MTF Materiálovotechnologická fakulta  |T MTF Ústav priemyselného inžinierstva a manažmentu  |X 1543  |U M4000  |Y 84  |7 A000001543 
996 |b 284M074502  |c M*BP-1827  |l MMSKP  |s P  |a 0  |w stu128939_0001